Noches púrpura = My Blueberry Nights /

Guardat en:
Dades bibliogràfiques
Autor principal: Wong, Kar-wai (realización)
Altres autors: Jones, Norah (actuación) (actuación), Law, Jude (actuación) (actuación), Weisz, Rachel (actuación) (actuación)
Format: Diapositiva
Idioma:anglès
Matèries:
Etiquetes: Afegir etiqueta
Sense etiquetes, Sigues el primer a etiquetar aquest registre!

MARC

LEADER 00000ngm^a2200000^a^4500
001 000297383
005 20250521000000.0
009 20260310112336.894
037 |a Acervo ITESO - Biblioteca 
041 |a ING 
082 |a 895. 1  |b WON 
100 |a Wong, Kar-wai  |e (realización) 
245 1 0 |a Noches púrpura =  |b My Blueberry Nights /  |c Realización de K.W. Wong. 
264 2 |a México :  |b Quality Films [distribución],  |c copyright fecha no identificada 
300 |a 1 DVD regiones 1 y 4  |c (95 min.) 
336 |a imagen móvil bidimensional  |b tdi  |2 rdacontenido 
337 |a video  |b v  |2 rdamedio 
338 |a videodisco  |b vd  |2 rdasoporte 
546 |a En inglés, con subtítulos opcionales: inglés 
546 |a Doblaje opcional: español 
649 |a XX 
650 |a Dramas Cinematográficos 
650 |a Cine Hongkonés -  |y 2000-2009 
650 |a Cine Hongkonés -  |y Siglo XXI 
650 |a Cine Chino -  |y 2000-2009 
650 |a Cine Chino -  |y Siglo XXI 
650 |a Aislamiento Social 
650 |a Soledad 
650 |a Relaciones de Pareja 
650 |a Comunicación Personal 
650 |a Interacción Social 
700 |a Jones, Norah  |e (actuación) 
700 |a Law, Jude  |e (actuación) 
700 |a Weisz, Rachel  |e (actuación) 
910 |a Fondo General 
920 |a Audiovisuales - DVDs 
940 |a Películas 
905 |a 302 
901 |a 0500093759  |b IT2  |c DVS  |i C117889  |u 20250521 
902 |a https://opac.biblio.iteso.mx/vufind/Record/000297383